000 00488nam a2200193Ia 4500
005 20140405081200.0
008 140130s9999 xx 000 0 und d
020 _a0590477900
050 _aPZ 7
_b.R982Re 1993
100 _aRylant, Cynthia
_94596
245 _cCynthia Rylant.
_aThe relatives came.
260 _bScholastic,
_aUSA :
_c1993.
300 _a35 p. :
_bcol. ill. ;
_c24 cm.
440 _v1
_931174
521 _aG8
526 _c940
942 _cBK
_2lcc
999 _c41298
_d41298